| 000 | 00468nam a2200181Ia 4500 | ||
|---|---|---|---|
| 001 | 25351 | ||
| 005 | 20260414151144.0 | ||
| 008 | 260414t2020||||xx |||||||||||||| ||spa|| | ||
| 041 | _aESP | ||
| 082 |
_a346.5 _bCH556 |
||
| 100 |
_aChipana Catalán, Jhoel _eAUT |
||
| 245 | 0 |
_aLos contratos civiles en la jurisprudencia de la Corte Suprema _b |
|
| 260 | _c2020 | ||
| 300 |
_a286 páginas : _c25 cm. |
||
| 650 | _aDER | ||
| 654 | _aCDE | ||
| 942 |
_cLIB _dJUS _fJUS _2ddc _n |
||
| 999 |
_c25351 _d25351 |
||